000
00275nam a2200121Ia 4500
008
260210s9999 xx 000 0 und d
020
_a
9780486253329
100
_a
LE CORBUSIER
245
4
_a
THE CITY OF TOMORROW
260
_b
DOVER PUB 1987
260
_c
1987
942
_c
PG
999
_c
13996
_d
13996